| 000 | 00402nam a2200145 a 4500 | ||
|---|---|---|---|
| 005 | 20140412111427.0 | ||
| 008 | 090718s19uu xx 00 eng d | ||
| 020 | _a0-439-16578-4 | ||
| 050 |
_aTR(PS E _bBi48 2000 |
||
| 100 | _aLarranaga, Ana Martin | ||
| 245 |
_aThe Big Wide- Mouthed Frog / _cAna Martin Larranaga. |
||
| 260 |
_aU.S.A : _bScholastic, _c2000. |
||
| 300 | _a1v. unp. | ||
| 999 |
_c106250 _d106250 |
||